00451nam a2200169 a 4500001001300000003000900013005001700022008004100039020000800080082001600088100001600104245005500120260004300175300000800218500003500226650002000261nice12345678IN_TiNIC20260116014313.0070411s2006 dela grp 000 0 eng  ac500a346.01bMAT aMathew, P D aRight of Wif, Children and Parents for Maintenance aDelhi bIndian Social Institute c2006 a10p aincludes index and biblioraphy aLaw-Maintenance